000 00294nam a22001337a 4500
008 181105b xxu||||| |||| 00| 0 eng d
020 _a800759241385
041 _aeng
080 _a611
100 _a56
101 _aANA
245 _aHuman Anatomy Coloring Book
_cMatt.M
942 _2udc
_cBK
999 _c51869
_d51869